000 00651nam a22001937a 4500
008 251201b ||||| |||| 00| 0 eng d
020 _a0-87201-591-2
040 _aAR-FvUNAJ
_dAR-FvUNAJ
_eaacr2
082 1 4 _214
_a622.3382
100 1 _922055
_aKoederitz, Leonard.
245 1 0 _aIntroduction to petroleum reservoir analysis /
_cL.F. Koederitz, A.H. Harvey, M. Honarpour.
260 _aHouston, Tex. :
_bGulf Pub. Co.,
_c1989.
300 _avi, 250 p.
_bill.
650 0 _91031
_aPETRÓLEO
700 1 _922056
_aHarvey, A. Herbert.
700 1 _922057
_aHonarpour, Mehdi.
942 _2ddc
_cLIBRO
980 _62
_aVirginia Figueroa
_82
_gVirginia Figueroa
999 _c11170
_d11170